000 00296nam a2200121Ia 4500
008 190216s9999||||xx |||||||||||||| ||und||
100 _aSathya Nathaier R
245 0 _a"History Of India Vol 1,Ii"
260 _bS Vishwanathan
_c1978
300 _a496p
650 _aHistory Of India
942 _cBK
999 _c19040
_d19040